000 00312nam a22001457a 4500
003 SGT
020 _a978-81-888836-43-5
082 _a618.92
_bI17R
100 _aRAMAR, R.
245 _aINTERVENTION FOR SLOW LEARNERS
250 _a1ST
260 _aINDIA
_bSONALI
_c2017
300 _a241
942 _2ddc
_cBK
999 _c15517
_d15517